The Boxcar children / (Record no. 4206)
[ view plain ]
| 000 -LEADER | |
|---|---|
| fixed length control field | 01196cam a2200349 a 4500 |
| 001 - CONTROL NUMBER | |
| control field | 4206 |
| 003 - CONTROL NUMBER IDENTIFIER | |
| control field | FISKH |
| 005 - DATE AND TIME OF LATEST TRANSACTION | |
| control field | 20250407083415.0 |
| 008 - FIXED-LENGTH DATA ELEMENTS--GENERAL INFORMATION | |
| fixed length control field | 020315r20021942ilua c 000 1 eng |
| 010 ## - LIBRARY OF CONGRESS CONTROL NUMBER | |
| LC control number | 2002023482 |
| 020 ## - INTERNATIONAL STANDARD BOOK NUMBER | |
| International Standard Book Number | 0807508489 |
| 020 ## - INTERNATIONAL STANDARD BOOK NUMBER | |
| International Standard Book Number | 9780807508527 |
| 040 ## - CATALOGING SOURCE | |
| Original cataloging agency | DLC |
| Transcribing agency | DLC |
| Modifying agency | DLC |
| Language of cataloging | eng |
| 050 ## - LIBRARY OF CONGRESS CALL NUMBER | |
| Classification number | PZ7.W244 |
| 082 ## - DEWEY DECIMAL CLASSIFICATION NUMBER | |
| Classification number | 823.912 |
| 100 1# - MAIN ENTRY--PERSONAL NAME | |
| Personal name | Warner, Gertrude Chandler, |
| Dates associated with a name | 1890-1979. |
| 245 14 - TITLE STATEMENT | |
| Title | The Boxcar children / |
| Statement of responsibility, etc. | Gertrude Chandler Warner ; illustrated by L. Kate Deal. |
| 260 ## - PUBLICATION, DISTRIBUTION, ETC. | |
| Place of publication, distribution, etc. | Illinois : |
| Name of publisher, distributor, etc. | Albert Whitman & Company, |
| Date of publication, distribution, etc. | 1942. |
| 300 ## - PHYSICAL DESCRIPTION | |
| Extent | 154 pages : |
| Other physical details | illustrations ; |
| Dimensions | 20 cm |
| 500 ## - GENERAL NOTE | |
| General note | Originally published: Chicago : A. Whitman, 1942. |
| 505 ## - FORMATTED CONTENTS NOTE | |
| Formatted contents note | N<br/> |
| 520 ## - SUMMARY, ETC. | |
| Summary, etc. | Four orphaned children run away and live in a boxcar, until they are found by their grandfather. Includes a biography and photographs of the author. |
| 521 8# - TARGET AUDIENCE NOTE | |
| Target audience note | 580<br/> |
| Source | Lexile<br/> <br/> |
| 521 8# - TARGET AUDIENCE NOTE | |
| Target audience note | N<br/> |
| Source | Raz-Plus<br/> |
| 650 #1 - SUBJECT ADDED ENTRY--TOPICAL TERM | |
| Topical term or geographic name entry element | Siblings |
| Form subdivision | Fiction. |
| 650 #1 - SUBJECT ADDED ENTRY--TOPICAL TERM | |
| Topical term or geographic name entry element | Orphans |
| Form subdivision | Fiction. |
| 650 #1 - SUBJECT ADDED ENTRY--TOPICAL TERM | |
| Topical term or geographic name entry element | Mystery and detective stories. |
| 700 1# - ADDED ENTRY--PERSONAL NAME | |
| Personal name | Deal, L. Kate, |
| Relator term | illustrator |
| 906 ## - LOCAL DATA ELEMENT F, LDF (RLIN) | |
| a | 7 |
| b | cbc |
| c | orignew |
| d | 1 |
| e | ocip |
| f | 20 |
| g | y-gencatlg |
| 942 ## - ADDED ENTRY ELEMENTS (KOHA) | |
| Source of classification or shelving scheme | Dewey Decimal Classification |
| Koha item type | Books |
| Suppress in OPAC | No |
| Withdrawn status | Lost status | Source of classification or shelving scheme | Damaged status | Not for loan | Collection | Home library | Current library | Shelving location | Date acquired | Total Checkouts | Full call number | Barcode | Date last seen | Price effective from | Koha item type | Copy number |
|---|---|---|---|---|---|---|---|---|---|---|---|---|---|---|---|---|
| Dewey Decimal Classification | Juvenile Fiction | Footprints International School Library Network Toul Kork Campus | Footprints International School Library Network Toul Kork Campus | TK Primary Library Room(4th Floor), Bookcase 3&4, Shelves 17-32, Yellow Books | 07/04/2024 | WAR 823.912 PZ7.W244 | FISTK00657 | 07/04/2024 | 07/04/2024 | Books | ||||||
| Dewey Decimal Classification | Juvenile Fiction | Footprints International School Library Network Toul Tom Poung Campus | Footprints International School Library Network Toul Tom Poung Campus | TTP Primary Yellow Bookshelves | 04/07/2025 | WAR 823.912 PZ7.W244 | 2025-0979 | 04/07/2025 | 04/07/2025 | Books | 2 |
